| 000 | 00891cam a22003255a 4500 | ||
|---|---|---|---|
| 001 | 006936884 | ||
| 003 | Uk | ||
| 005 | 20160926140032.0 | ||
| 008 | 031229r20051795nyu gr 000 0 eng d | ||
| 010 | _a 2003070117 | ||
| 015 |
_aGBA4Y4056 _2bnb |
||
| 016 | 7 |
_a006936884 _2Uk |
|
| 020 | _a1602067457 | ||
| 020 | _a9781602067455 | ||
| 040 |
_aStDuBDS _dUk |
||
| 042 | _aukblsr | ||
| 082 | 0 | 4 |
_222 _a211.5 _bPAI |
| 100 | 1 |
_aPaine, Thomas _d1737-1809. _910820 |
|
| 245 | 1 | 4 |
_aThe age of reason / _cThomas Paine |
| 260 |
_aNew York : _bCosimo, Inc., _c2005. |
||
| 300 |
_avii, 208 p. ; _c21 cm. |
||
| 490 | 0 | _aCosimo classics histroy | |
| 500 | _aOriginally published: 1795. | ||
| 650 | 7 |
_aRationalism. _2BUEsh _910821 |
|
| 650 | 7 |
_aTheology. _941241 |
|
| 650 | 7 |
_aPhilosophy and religion. _941242 |
|
| 651 | _2BUEsh | ||
| 653 |
_bGGEN _cSeptember2016 |
||
| 942 |
_2ddc _e22 _k211.5 PAI |
||
| 999 |
_c22411 _d22383 |
||